000 00741cam a2200205 4500
001 WB3707-40
008 000000n2001 000 0 eng u
035 _a(Sirsi) u110972
245 _aDebate on property valuation methods
260 _c2001
490 _aIrish Times
_v 14 February 2001, 6(2)
520 _aConsiders the question of whether property companies need their own style of valuation methodology or whether other methods used by other corporates provide a benchmark against which to measure share performance.
590 _aWB
650 _aPROPERTY VALUATIONS
650 _aVALUATION METHODS
650 _aBENCHMARKING
650 _aSHARE PRICES
690 _aPROPERTY-PROPERTY APPRAISAL AND VALUATION
942 _n0
999 _c66141
_d66141